Statistics for Biggest Countries Bordering the Pacific Ocean

Click here to take the quiz!

General Stats

  • This quiz has been taken 15,270 times
  • The average score is 13 of 15

Answer Stats

km2 Country % Correct
9,525,067United States
99%
17,098,246Russia
98%
9,984,670Canada
98%
9,572,900China
98%
7,692,024Australia
97%
377,930Japan
96%
1,964,375Mexico
95%
756,102Chile
93%
1,910,931Indonesia
91%
1,285,216Peru
86%
1,141,748Colombia
80%
331,212Vietnam
79%
330,803Malaysia
75%
513,120Thailand
68%
462,840Papua New Guinea
64%

Score Distribution

Percentile by Number Answered

Percent of People with Each Score

Your Score History

You have not taken this quiz